[Event "WYCC 2018 G18"]
[Site "Halkidiki"]
[Date "2018.10.30"]
[Round "11"]
[White "Martos Amiguet, Valentina"]
[Black "Greibrokk, Ingrid"]
[Result "0-1"]
[WhiteElo "1775"]
[BlackElo "2018"]
[Annotator "NA"]
[PlyCount "80"]
[EventDate "2018.10.20"]
[EventType "swiss"]
[EventCountry "GRE"]
[SourceTitle "playchess.com"]
[Source "ChessBase"]
[SourceQuality "1"]
[TimeControl "40/5400+30:1800+30"]

1. d4 d5 2. Bf4 Nf6 3. e3 e6 4. Nf3 Nbd7 5. Nbd2 Be7 6. Bd3 O-O 7. h3 {D02: Damenbauernspiele} c5 8. c3 b6 9. O-O (9. Ne5 Bb7 10. Qf3 Qc8 11. a4 a6 12. O-O c4 13. Be2 Kh8 {1-0 (48) Hort,V (2421)-Clara,H (2289) Dresden 2018}) 9... a5 10. Re1 Ba6 11. Bc2 Rc8 $146 ({Vorgänger:} 11... b5 12. Ne5 Nxe5 13. dxe5 Nd7 14. Qg4 {1-0 (25) Freeman,R (2121)-Lysons,J (1960) Telford 2004}) 12. e4 dxe4 13. Nxe4 Nxe4 14. Bxe4 Nf6 15. Bc2 Bb7 16. Rc1 cxd4 17. cxd4 (17. Nxd4 $11 {remains equal.} Qd5 18. Qf3) 17... Bb4 18. Re3 Nd5 19. Qd3 Rxc2 20. Qxc2 Nxf4 21. a3 Be7 22. Qc7 Bxf3 23. Qxf4 Bd5 24. Qg4 h5 25. Qg3 Bh4 26. Qh2 Bg5 27. f4 Bf6 28. Rd3 Be4 $19 29. Rdd1 Bxd4+ 30. Kh1 Qf6 31. Rc4 Rd8 32. Qg3 b5 33. Rc7 Bxb2 34. Re1 Bg6 35. Rb7 Qc3 36. Qh4 Rc8 37. Rxb5 Bxa3 38. Ree5 Bb4 39. Kh2 Bd6 40. Rg5 Qd2 0-1

[Event "WYCC 2018 G18"]
[Site "Halkidiki"]
[Date "2018.10.30"]
[Round "11"]
[White "Manriquez Abarzua, Maria Belen"]
[Black "Tonso, Liina"]
[Result "1-0"]
[WhiteElo "1630"]
[BlackElo "1805"]
[Annotator "NA"]
[PlyCount "115"]
[EventDate "2018.10.20"]
[EventType "swiss"]
[EventCountry "GRE"]
[SourceTitle "playchess.com"]
[Source "ChessBase"]
[SourceQuality "1"]
[TimeControl "40/5400+30:1800+30"]

1. e4 {[%emt 0:00:00]} c5 {[%emt 0:00:00]} 2. Nf3 {[%emt 0:00:00]} a6 {[%emt 0:00:00]} 3. d4 {[%emt 0:00:00]} cxd4 {[%emt 0:00:01]} 4. Nxd4 {[%emt 0:00:00]} e5 {[%emt 0:00:13]} 5. Nb3 {[%emt 0:00:02]} Nf6 {[%emt 0:00:42]} 6. Nc3 {[%emt 0:00:07]} Bb4 {[%emt 0:00:56]} 7. Bd3 {[%emt 0:02:25]} O-O {[%emt 0:06:20]} 8. O-O {[%emt 0:00:13]} d6 {[%emt 0:06:29]} 9. Bg5 {[%emt 0:02:58]} Bxc3 {[%emt 0:09:11]} 10. bxc3 {[%emt 0:00:07]} h6 {[%emt 0:02:36]} 11. Bc1 {[%emt 0:04:08]} d5 {[%emt 0:06:17]} 12. exd5 {[%emt 0:04:57]} Nxd5 {[%emt 0:02:35]} 13. Qe1 {[%emt 0:05:22]} Qc7 {[%emt 0:08:01]} 14. c4 {[%emt 0:03:31]} Nf6 {[%emt 0:02:45]} 15. Bb2 {[%emt 0:01:42]} Re8 {[%emt 0:08:21]} 16. Qc3 {[%emt 0:03:42]} Nc6 {[%emt 0:03:36]} 17. Rfe1 {[%emt 0:00:29]} Bd7 {[%emt 0:10:24]} 18. Nc5 {[%emt 0:05:42]} Qb6 {[%emt 0:04:25]} 19. Nxd7 {[%emt 0:04:33]} Nxd7 {[%emt 0:00:16]} 20. Rab1 {[%emt 0:01:54]} Qb4 {[%emt 0:03:06]} 21. Be4 {[%emt 0:01:19]} Qxc3 {[%emt 0:02:41]} 22. Bxc3 {[%emt 0:01:23]} Rab8 {[%emt 0:00:50]} 23. h3 {[%emt 0:01:11]} g6 {[%emt 0:04:54]} 24. Bxc6 {[%emt 0:00:30]} bxc6 {[%emt 0:00:09]} 25. Rbd1 {[%emt 0:01:34]} Rb7 {[%emt 0:01:13]} 26. Rd6 {[%emt 0:00:16]} Re6 {[%emt 0:04:13]} 27. Red1 {[%emt 0:02:06]} Rxd6 {[%emt 0:03:47]} 28. Rxd6 {[%emt 0:00:02]} Kf8 {[%emt 0:01:49]} 29. Rxc6 {[%emt 0:01:11]} Rb1+ {[%emt 0:01:04]} 30. Kh2 {[%emt 0:00:04]} Rc1 {[%emt 0:00:54]} 31. Bb4+ {[%emt 0:01:23]} Kg7 {[%emt 0:00:13]} 32. Rd6 {[%emt 0:01:45]} Nf8 {[%emt 0:04:29]} 33. Rd2 {[%emt 0:00:56]} Ne6 34. Bc3 Nd4 {[%emt 0:01:05]} 35. f4 {[%emt 0:01:34]} Rxc2 {[%emt 0:01:51]} 36. Rxc2 {[%emt 0:00:02]} Nxc2 {[%emt 0:00:06]} 37. Bxe5+ {[%emt 0:03:39]} Kf8 {[%emt 0:00:26]} 38. Bd6+ Ke8 {[%emt 0:00:30]} 39. g4 {[%emt 0:00:57]} Kd7 {[%emt 0:00:00]} 40. Bf8 {[%emt 0:00:00]} Ne3 {[%emt 0:00:00]} 41. Bxh6 {[%emt 0:03:35]} Nxc4 42. Kg3 Ke7 {[%emt 0:09:11]} 43. h4 {[%emt 0:03:18]} Nd6 {[%emt 0:01:52]} 44. Kf3 {[%emt 0:01:15]} Nb5 {[%emt 0:00:54]} 45. h5 {[%emt 0:03:12]} gxh5 {[%emt 0:03:42]} 46. gxh5 {[%emt 0:00:03]} f6 {[%emt 0:00:22]} 47. Bg7 {[%emt 0:00:32]} Kf7 {[%emt 0:03:43]} 48. h6 Nd4+ {[%emt 0:01:39]} 49. Ke4 {[%emt 0:02:06]} Ne6 {[%emt 0:00:29]} 50. f5 {[%emt 0:00:17]} Nc7 {[%emt 0:02:28]} 51. a4 {[%emt 0:02:21]} Ne8 {[%emt 0:09:09]} 52. Kd5 {[%emt 0:00:24]} Kg8 {[%emt 0:01:16]} 53. Ke6 {[%emt 0:00:17]} Nxg7+ {[%emt 0:00:36]} 54. hxg7 {[%emt 0:00:02]} Kxg7 {[%emt 0:00:12]} 55. a5 {[%emt 0:00:04]} Kg8 {[%emt 0:00:30]} 56. Kxf6 {[%emt 0:00:10]} Kf8 {[%emt 0:00:10]} 57. Ke6 {[%emt 0:00:09]} Ke8 {[%emt 0:00:22]} 58. f6 {[%emt 0:00:09]} 1-0

[Event "WYCC 2018 G18"]
[Site "Halkidiki"]
[Date "2018.10.30"]
[Round "11"]
[White "Ramirez Toledo, Ayleen Maribel"]
[Black "Belluire, Beatrice"]
[Result "1/2-1/2"]
[WhiteElo "1545"]
[BlackElo "1931"]
[Annotator "NA"]
[PlyCount "84"]
[EventDate "2018.10.20"]
[EventType "swiss"]
[EventCountry "GRE"]
[SourceTitle "playchess.com"]
[Source "ChessBase"]
[SourceQuality "1"]
[TimeControl "40/5400+30:1800+30"]

1. Nf3 {[%emt 0:00:00]} Nf6 {[%emt 0:00:00]} 2. g3 {[%emt 0:00:02]} b5 {[%emt 0:00:00]} 3. Bg2 {[%emt 0:00:07]} Bb7 {[%emt 0:00:00]} 4. d4 {[%emt 0:00:12]} e6 {[%emt 0:00:38]} 5. O-O {[%emt 0:00:23]} c5 {[%emt 0:00:08]} 6. b3 {[%emt 0:05:59]} d5 {[%emt 0:05:29]} 7. Bb2 {[%emt 0:02:39]} Be7 {[%emt 0:00:34]} 8. c4 {[%emt 0:12:38]} b4 {[%emt 0:16:24]} 9. Qc2 {[%emt 0:05:48]} Nbd7 {[%emt 0:01:38]} 10. Nbd2 {[%emt 0:01:28]} dxc4 {[%emt 0:01:53]} 11. Nxc4 {[%emt 0:02:24]} O-O {[%emt 0:02:10]} 12. Rfd1 {[%emt 0:02:33]} Qc7 {[%emt 0:01:09]} 13. Rac1 {[%emt 0:01:51]} Rac8 {[%emt 0:01:48]} 14. Nfe5 {[%emt 0:13:30]} Bxg2 {[%emt 0:02:53]} 15. Kxg2 {[%emt 0:00:15]} Qb7+ {[%emt 0:00:47]} 16. Kg1 $11 {[%emt 0:03:57]} cxd4 {[%emt 0:10:22]} 17. Bxd4 {[%emt 0:03:58]} Nxe5 {[%emt 0:02:03]} 18. Bxe5 {[%emt 0:00:10]} Rfd8 {[%emt 0:02:24]} 19. Qb2 {[%emt 0:03:57]} Qa6 {[%emt 0:04:12]} 20. Kg2 {[%emt 0:04:21]} h6 {[%emt 0:01:06]} 21. Ne3 {[%emt 0:03:18]} Rxc1 {[%emt 0:02:56]} 22. Rxc1 {[%emt 0:00:17]} Rc8 {[%emt 0:03:36]} 23. Rxc8+ {[%emt 0:01:37]} Qxc8 {[%emt 0:00:01]} 24. f3 {[%emt 0:03:59]} Ne8 {[%emt 0:03:53]} 25. Bd4 {[%emt 0:03:15]} Bf6 {[%emt 0:04:00]} 26. Bxf6 {[%emt 0:04:01]} Nxf6 {[%emt 0:00:05]} 27. Qd4 {[%emt 0:00:28]} Qa6 {[%emt 0:03:46]} 28. Qd2 {[%emt 0:01:36]} Qb5 {[%emt 0:02:07]} 29. Kf2 {[%emt 0:01:41]} Nd7 {[%emt 0:01:36]} 30. Nc2 {[%emt 0:02:07]} a5 {[%emt 0:01:16]} 31. Ne3 {[%emt 0:00:54]} Nc5 {[%emt 0:00:40]} 32. Qd4 {[%emt 0:01:12]} Nb7 {[%emt 0:04:34]} 33. Nc4 {[%emt 0:01:48]} Kf8 {[%emt 0:01:44]} 34. Ke3 {[%emt 0:01:58]} Qg5+ {[%emt 0:04:19]} 35. Kf2 {[%emt 0:01:15]} Qh5 {[%emt 0:06:30]} 36. h4 {[%emt 0:01:30]} Qb5 {[%emt 0:02:49]} 37. Ke3 {[%emt 0:01:05]} f6 {[%emt 0:03:38]} 38. g4 {[%emt 0:03:32]} e5 {[%emt 0:01:36]} 39. Qa7 {[%emt 0:02:14]} Qd5 {[%emt 0:01:02]} 40. Qb6 {[%emt 0:00:00]} Qd7 {[%emt 0:00:00]} 41. Qa7 {[%emt 0:05:00]} Qd5 {[%emt 0:05:22]} 42. Qb6 {[%emt 0:01:25]} Qd7 {[%emt 0:10:31]} 1/2-1/2